| 000 | 01017nam a2200229 a 4500 | ||
|---|---|---|---|
| 001 | BRCA_8844 | ||
| 005 | 20190320210431.0 | ||
| 008 | 120517s1793----sp-#######---#000-0#spa-# | ||
| 041 | _aspa | ||
| 044 | _asp | ||
| 084 |
_aBE226 _b.G66 1793 |
||
| 100 | 1 |
_aGonzalez Cañaveras, Juan Antonio _922031 |
|
| 245 | 1 | 0 |
_aMétodo para aprender por principios la geografía general y particular, antigua y moderna, sagrada y eclesiástica, y la cronología y esfera celeste y terrestre _bobra expresamente trabajada para instrucción de la Juventud, comenzada á publicar en el año de 1775., y continuada en el presente _cpor D. Juan Antonio Gonzalez Cañaveras; tomo. v. |
| 260 |
_aMadrid _ben la Oficina de Cano9 _c1793 |
||
| 300 |
_a350 p. (t.5) _c15 x 10.4 cm. |
||
| 500 | _aCon privilegio | ||
| 500 | _aEstado físico: presenta encuadernación en pergamino | ||
| 650 | 1 | 4 |
_aGeografía _yObras anteriores a 1800 _922032 |
| 650 | 1 | 4 |
_aGeografía física _yObras anteriores a 1800 _922033 |
| 902 | _aCFM | ||
| 942 |
_2lcc _cB |
||
| 999 |
_c8495 _d8495 |
||